World health statistics annual 1980 mouvement de la population et causes de décés

Guardado en:
Detalles Bibliográficos
Formato: Libro
Lenguaje:inglés
Publicado: Geneva World Health Organization 1980
Etiquetas: Agregar Etiqueta
Sin Etiquetas, Sea el primero en etiquetar este registro!

MARC

LEADER 00000nam a2200000 4500
001 0215697
005 20240109104921.6
041 0 |a eng 
044 |a CH 
245 1 0 |a World health statistics annual 1980  |b mouvement de la population et causes de décés 
264 1 |a Geneva  |b World Health Organization  |c 1980 
300 |a 396 s.